LEADER 01387nas a2200277 i 4500 001 000000171095 003 CaOOAMICUS 005 20080526000000.0 008 080417b2007 pl uu u0 0pol r 013 $a148519 040 $aSeMil$bita 240 10$aDwusetna rocznica Powstania Ksiestwa Warszawskiego.$0(OLS)http://semarc/title/244752 245 10$aHistoria =$bHistoire = History. 246 01$aHistoire 260 $aLublin :$bTowarzystwo Naukowe Katolickiego Uniwersytetu Lubelskiego Jana Pawla 2.,$c2007. 300 $a273 p. :$b[5] p. di tav. ;$c24 cm. 500 $aDoppio frontespizio a fronte con formulazione parallela del titolo in francese e in inglese. - Articoli con sintesi in inglese [Summary] in coda. 700 1 $aZiolek, Ewa M.$0(OLS)http://semarc/name/64004 773 0 $tRoczniki Humanistyczne.$dLublin : Towarzystwo Naukowe Katolickiego Uniwersytetu Lubelskiego, 1949.$x0035-7707$w()2885 774 0 $t[vedi periodico].$w()268547 850 $aSeMil 852 $aSeMil$W1$xVenegono$y1$m216 1 108$j121972$B121972$CSeMilBibl$Z2$F134236 $85 961 $aCambio: Scuola Cattolica 996 $6245$aHistoria =$bHistoire = History$9(OLS)http://semarc/title/145214 996 $6246$aHistoire$9(OLS)http://semarc/title/419770 996 $6260$aLublin :$bTowarzystwo Naukowe Katolickiego Uniwersytetu Lubelskiego Jana Pawla 2.$9(OLS)http://semarc/publisher/49000 LEADER 00731nam a2200169 i 4500 001 000000212512 003 CaOOAMICUS 005 20120417000000.0 008 120417s1847 it u000 u lat u 013 $a191347 040 $aSeMil$bita 245 10$aTomus 1. 300 $aXXIV, 402 p. 773 0 $aVergilius Maro, Publius <70-19 a.C.>$tPublii Virgilii Maronis Opera.$dBassani : suis Typis Remondini, 1747.$bEditio nova auctior et emendatior cui accessit index accuratissimus omnibus numeris et concordantiis absolutus, juxta editionem tertiam perisiensem an.$g1$w()26606 850 $aSeMil 852 $aSeMil$W1$xVenegono$y1$m1Y V 51 FA$j162946$B162946$CSeMilBibl$Z2$F174071 $8I 996 $6245$aTomus 1$9(OLS)http://semarc/title/47282 LEADER 00897nam a2200241 i 4500 001 000000202850 003 CaOOAMICUS 005 20240408143302.0 008 151028s1958 it u000 u ita u 013 $a181561 040 $aSeMil$bita 100 1 $aO'Hara, John Henry,$d<1905-1970>.$0(OLS)http://semarc/name/62322 245 13$aUn pugno di polvere /$cJohn O'Hara. 260 $aMilano :$bMartello,$c1958. 300 $a519 p. ;$c20 cm. 490 0 $aLa piramide [Martello] ;$v51 830 3$aLa piramide ;$v51.$0(OLS)http://semarc/title/419905 850 $aSeMil 852 $aSeMil$W1$xVenegono$y1$m1V II 234$j153349$B153349$CSeMilBibl$Z2$F207630 $81 961 $aOmaggio: Istituto San Vincenzo 996 $6245$aUn pugno di polvere$9(OLS)http://semarc/title/293609 996 $6260$aMilano :$bMartello$9(OLS)http://semarc/publisher/29668 LEADER 00694nam a2200181 i 4500 001 000000110851 003 CaOOAMICUS 005 20260409121658.0 008 021217n fr u000 u fre u 040 $aSeMil$bita 245 10$a[A-L]. 300 $aXXI, 1156 p. 773 0 $tDictionnaire historique de la langue française.$dParis : Dictionnaires Le Robert, 1992.$z2-85036-187-9$w()8193 850 $aSeMil 852 $aSeMil$W1$xVenegono$y1$mSL1.A IV 12/1$j269954$B66710$CSeMilBibl$Z2$F83661 $8I 961 $aOmaggio: Martini Card. Carlo Maria. -- Dedica autografa di Alessandro Antoniazzi al Card. C.M. Martini. 996 $6245$a[A-L]$9(OLS)http://semarc/title/76840